000 00799nam a2200241 i 4500
001 bgj
245 1 0 _aEnsemble :
_bLyrik, Prosa, Essay.
_nT. 12 /
_chrsg. von der Bayerischen Akademie der Schönen Künste ; Red. Jürgen W. Mueller.
260 _aMünchen :
_bDeutscher Taschenbuch Verlag,
_c1982.
300 _a205, [1] s. ;
_c18 cm.
490 1 _aInternationales Jahrbuch für Literatur
_pEnsemble
_v12
650 9 _aLiteratura niemiecka
700 1 _aMEUELLER, Jürgen W.
710 1 _aBayerischen Akademie der Schönen Künste
830 _aInternationales Jahrbuch für Literatur
_pEnsemble
020 _a3423016965
040 _cBPK
041 0 _ager
044 _aDEU
080 _a821.112.2
920 _a3-423-01696-5
942 _cKS
008 s gw f |000 0 ger
999 _c50288
_d50288
856 _uhttp://koha.tu.koszalin.pl/cgi-bin/koha/opac-detail.pl?biblionumber=50288
_yKatalog online BPK